Urganda, la desconocida (Record no. 164586)

MARC details
000 -LEADER
campo de control de longitud fija 00951nam a22001815i 4500
001 - NÚMERO DE CONTROL
campo de control 164586
003 - IDENTIFICADOR DE NÚMERO DE CONTROL
campo de control ES-MaACL
005 - FECHA Y HORA DE LA ÚLTIMA TRANSACCIÓN
campo de control 20230906212950.0
008 - DATOS DE LONGITUD FIJA--INFORMACIÓN GENERAL
campo de control de longitud fija 050729s1848 sp | |||||||| ||spa d
040 ## - FUENTE DE CATALOGACIÓN
Centro catalogador/agencia de origen CAM
Lengua de catalogación spa
Centro/agencia transcriptor CAM
100 1# - ENTRADA PRINCIPAL--NOMBRE DE PERSONA
Nombre de persona Sánchez del Arco, Francisco.
9 (RLIN) 133033
245 10 - MENCIÓN DEL TÍTULO
Título Urganda, la desconocida
Resto del título : drama de magia, en prosa y verso /
Mención de responsabilidad, etc. por Francisco Sánchez del Arco.
260 ## - PUBLICACIÓN, DISTRIBUCIÓN, ETC.
Lugar de publicación, distribución, etc. Cadiz :
Nombre del editor, distribuidor, etc. Imprenta, libreria y litografia de la Revista Médica á cargo de Juan B. de Gaona,
Fecha de publicación, distribución, etc. 1848.
300 ## - DESCRIPCIÓN FÍSICA
Extensión 91 p. ;
Dimensiones 18 cm.
500 ## - NOTA GENERAL
Nota general En port.: Estrenóse en el teatro del Balon el dia 2 de mayo del año de 1845.
852 ## - LOCALIZACIÓN
Ubicación ES-MaACL
Número de control de estantería F-8582 (2)
Nota libre -- Enc. pasta española
-- -- Enc. en un vol. facticio formando parte de la col. facticia "Teatro español moderno", vol. 35
852 ## - LOCALIZACIÓN
Ubicación ES-MaACL
Número de control de estantería F-8582 (3)
Nota libre -- Enc. pasta española
-- -- Enc. en un vol. facticio formando parte de la col. facticia "Teatro español moderno", vol. 35
Holdings
Estatus retirado Estado de pérdida Estado de daño No para préstamo Colección Biblioteca de origen Biblioteca actual Ubicación en estantería Fecha de adquisición Total de préstamos Signatura topográfica completa Código de barras Visto por última vez Precio de reemplazo Tipo de ítem Koha
        Libros del s. XIX Biblioteca del Ateneo de Madrid Biblioteca del Ateneo de Madrid Sala Pecera Planta 2 17/01/2008   F-8582 (3) 1172525 23/02/2023 23/02/2023 Libro impreso antiguo
        Libros del s. XIX Biblioteca del Ateneo de Madrid Biblioteca del Ateneo de Madrid Sala Pecera Planta 2 17/01/2008   F-8582 (2) 1172524 23/02/2023 23/02/2023 Libro impreso antiguo